| 000 | 00806 a2200241 4500 | ||
|---|---|---|---|
| 001 | 0000 | ||
| 003 | 0000 | ||
| 005 | 20251121124420.0 | ||
| 020 | _a9789819793594 | ||
| 040 | _erda | ||
| 050 | _aTP 359 .D43 | ||
| 100 | _aDarmawan, Arif | ||
| 245 |
_aDecarbonizing Power Generation Sectors Using Biomass and Hydrogen-Based Fuels _bA roadmap to sustainable energy transformation _cEdited by Arif Darmawan, Eniya Listiani Dewi, Hariana Hariana and Muhammad Aziz |
||
| 264 |
_aSingapore _bSpringer _c2025 |
||
| 300 | _aviii, 295p. ill. | ||
| 336 | _2rdacontent | ||
| 338 | _2rdacarrier | ||
| 490 | _aGreen Energy and Technology | ||
| 504 | _aIncludes References | ||
| 650 |
_aDecarbonization _vEnergy transition. _xBiomass energy |
||
| 651 |
_vRenewable energy sources _xPower plants |
||
| 942 |
_2lcc _cBK |
||
| 999 |
_c44010 _d44010 |
||